[Event "VII Lubuska Open"]
[Site "Gorzow POL"]
[Date "2011.04.21"]
[Round "4"]
[White "Siwiec,A"]
[Black "Wisniowska,K"]
[Result "1-0"]
[WhiteElo "2132"]
[BlackElo "2011"]

1.e4 c5 2.Nf3 d6 3.d4 cxd4 4.Nxd4 Nf6 5.Nc3 Nc6 6.Bg5 e6 7.Qd2 a6 8.O-O-O Bd7
9.f4 b5 10.Bxf6 gxf6 11.Kb1 Qb6 12.Nxc6 Bxc6 13.f5 b4 14.Ne2 e5 15.Ng3 Qc5
16.Nh5 Ke7 17.Bd3 Rg8 18.Rhg1 Rg5 19.g4 Bh6 20.Qe2 Rgg8 21.h4 Be3 22.Rg2 a5
23.g5 fxg5 24.f6+ Kd7 25.Ng7 a4 26.Nf5 Bd4 27.Bc4 Bxe4 28.Qxe4 Qxc4 29.Qb7+ Qc7
30.Qd5 Rgf8 31.Nxd4 exd4 32.Re2 Rae8 33.Rde1 Rxe2 34.Rxe2  1-0

[Event "Chance Cup Open 2011"]
[Site "Frydek Mistek CZE"]
[Date "2011.04.22"]
[Round "3"]
[White "Cizinsky,P"]
[Black "Svoboda,A"]
[Result "1-0"]
[WhiteElo "2194"]
[BlackElo "1947"]

1.e4 c5 2.Nf3 d6 3.d4 cxd4 4.Nxd4 Nf6 5.Nc3 Nc6 6.Bg5 e6 7.f4 h6 8.Bh4 a6
9.Be2 Qb6 10.Bxf6 gxf6 11.Nb3 Qe3 12.Qd2 Qxd2+ 13.Nxd2 Nd4 14.Bd3 b5 15.f5 Bb7
16.Ne2 Nxe2 17.Kxe2 d5 18.fxe6 fxe6 19.Rhf1 dxe4 20.Bxe4 Bxe4 21.Nxe4 f5
22.Nf6+ Kf7 23.Nh5 Bd6 24.g3 Rac8 25.c3 b4 26.Rad1 Ke7 27.Rf3 bxc3 28.bxc3 Be5
29.Re3 Bf6 30.Nxf6 Kxf6 31.Rd6 Rhe8 32.Kd3 Rcd8 33.Rxe6+ Rxe6 34.Rxd8 Ke5
35.c4 Rc6 36.Rd5+ Ke6 37.Kd4 Kf6 38.c5 Ke6 39.Re5+ Kf6 40.a4 Rc7 41.Rd5 Rc6
42.Rd6+ Rxd6+ 43.cxd6 Ke6 44.Kc5 Kd7 45.Kd5 h5 46.h4 a5 47.Ke5 Kd8 48.Kxf5 Kd7
49.Ke5 Kd8 50.Ke6 Ke8 51.d7+ Kd8 52.g4 hxg4 53.h5  1-0

[Event "Branko Vukmanovic Mem Open"]
[Site "Tivat MNE"]
[Date "2011.04.22"]
[Round "7.15"]
[White "Mazi,L"]
[Black "Gocheva,R"]
[Result "1/2-1/2"]
[WhiteElo "2368"]
[BlackElo "2131"]

1.e4 c5 2.Nf3 Nc6 3.d4 cxd4 4.Nxd4 Nf6 5.Nc3 d6 6.Bg5 Bd7 7.Bxf6 gxf6 8.Nf5 Qa5
9.Qd5 a6 10.Be2 Rg8 11.g3 Rc8 12.Qxa5 Nxa5 13.O-O-O Nc4 14.f4 e6 15.Bxc4 Rxc4
16.Nxd6+ Bxd6 17.Rxd6 Bc6 18.Rhd1 Ke7 19.R6d4 Rc5 20.R4d3 h5 21.h4 f5 22.exf5 Rxf5
23.b4 Rc8 24.Kb2 a5 25.a3 axb4 26.axb4 Kf6 27.Re3 Rg8 28.Rd4 b5 29.Rd6 Rc8
30.Re1 Ke7 31.Rd3 Rg8 32.Ra1 Ra8 33.Re1 Rg8 34.Nd1 Rd5 35.Rc3 Kd6 36.Nf2 Rd4
37.Rd1 Rxd1 38.Nxd1 Bd7 39.Rd3+ Ke7 40.Kc3 Rc8+ 41.Kd2 Rc4 42.c3 f6 43.Re3 Kd6
44.Nb2 Rc8 45.Re1 Rg8 46.Rg1 e5 47.Nd3 Bf5 48.fxe5+ fxe5 49.Nb2 Ra8 50.Rf1 Ke6
51.Ke3 Ra3 52.Rc1 Ra2 53.Nd3 Bxd3 54.Kxd3 Rg2 55.Ra1 Kd5 56.Ra8 e4+ 57.Ke3 Rxg3+
58.Kd2 Rg2+ 59.Ke3 Rg4 60.Kd2 Rg2+  1/2-1/2

[Event "XXV Catalunya Open"]
[Site "Barcelona ESP"]
[Date "2011.04.23"]
[Round "8"]
[White "Capellades Subirana,M"]
[Black "Perpinya Rofes,L"]
[Result "0-1"]
[WhiteElo "2223"]
[BlackElo "2368"]

1.e4 c5 2.Nf3 Nc6 3.d4 cxd4 4.Nxd4 Nf6 5.Nc3 d6 6.Bg5 e6 7.Bb5 Bd7 8.O-O Be7
9.Re1 O-O 10.Bxc6 bxc6 11.Nf3 Ne8 12.Bxe7 Qxe7 13.e5 d5 14.a4 Rb8 15.b3 Nc7
16.Ne2 c5 17.Qd2 Bc6 18.Qf4 d4 19.Ng3 f5 20.exf6 Rxf6 21.Qh4 Bxf3 22.gxf3 Rbf8
23.Kh1 Qf7 24.Ne4 Rh6 25.Qg3 Qxf3+ 26.Qxf3 Rxf3 27.Kg2 Rfh3 28.Rh1 Nd5 29.Nxc5 Nf4+
30.Kg1 Rc3 31.Nd3 Nxd3 32.cxd3 Rxb3 33.Kf1 Rf6 34.h4 Rxd3 35.Ke2 Rdf3 36.Rh2 e5
37.Rb1 Ra3 38.Rb4 Rb6 39.Rxb6 axb6 40.Rh1 Rxa4 41.Rb1 e4 42.Rxb6 Ra2+ 43.Kd1 Rxf2
44.Rb4 Rh2 45.Rxd4 Rxh4 46.Ke2 Kf7 47.Rd6 Rf4 48.Ke3 Rf6 49.Rd7+ Kg6 50.Kxe4 h5
51.Ke5 h4 52.Ra7 Rf7 53.Ra3 Kh5 54.Ke6 Rf1 55.Ke5 g5 56.Ke4 Kg4 57.Ke5 h3
58.Ra4+ Kg3  0-1

[Event "Doeberl Cup Premier"]
[Site "Canberra AUS"]
[Date "2011.04.23"]
[Round "5.7"]
[White "Goh Weiming"]
[Black "Bliznyuk,A"]
[Result "1/2-1/2"]
[WhiteElo "2382"]
[BlackElo "2196"]

1.e4 c5 2.Nf3 d6 3.d4 cxd4 4.Nxd4 Nf6 5.Nc3 Nc6 6.Bg5 e6 7.Qd2 a6 8.O-O-O Bd7
9.f4 Qc7 10.Kb1 O-O-O 11.Bxf6 gxf6 12.Bc4 Be7 13.Bb3 Kb8 14.Rhf1 Nxd4 15.Qxd4 Qc5
16.Qd3 Qh5 17.h3 Qc5 18.f5 h5 19.g3 Rdg8 20.Rf3 Qe5 21.Ne2 Bc6 22.Re3 Bb5
23.Bc4 Bxc4 24.Qxc4 d5 25.Qc3 Qxc3 26.Rxc3 dxe4 27.Rd7 Bd8 28.Rxf7 exf5 29.h4 Rf8
30.Rg7 Re8 31.Nd4 e3 32.Ne2 Re6 33.Rd3 Rhe8 34.c3 Kc8 35.Rh7 Re5 36.Kc2 R8e7
37.Rh8 Re8 38.Rh7 R8e7 39.Rh6 R7e6 40.Rh8 Re8 41.Rh7 R8e7  1/2-1/2

[Event "9th V Nabokov GM"]
[Site "Kyiv UKR"]
[Date "2011.04.23"]
[Round "7.5"]
[White "Soltanici,R"]
[Black "Baryshpolets,A"]
[Result "1-0"]
[WhiteElo "2373"]
[BlackElo "2480"]

1.e4 c5 2.Nf3 Nc6 3.d4 cxd4 4.Nxd4 Nf6 5.Nc3 d6 6.Bg5 e6 7.Qd2 a6 8.O-O-O Bd7
9.f3 h6 10.Be3 b5 11.Nxc6 Bxc6 12.Kb1 Qc7 13.Ne2 Bb7 14.Nd4 Rc8 15.Bd3 Nd7
16.Rhe1 Ne5 17.g4 Nc4 18.Bxc4 Qxc4 19.h4 g6 20.Nb3 Ba8 21.Bd4 Rh7 22.Bf6 Kd7
23.Re3 b4 24.c3 d5 25.Rc1 Qb5 26.cxb4 Bxb4 27.Bc3 Bxc3 28.Rexc3 Rhh8 29.Qf4 Rxc3
30.Qxf7+ Kd6 31.e5+  1-0

[Event "Joao Braga Open"]
[Site "Sao Paolo BRA"]
[Date "2011.04.23"]
[Round "7.7"]
[White "Egoroff,J"]
[Black "Shumyatsky,V"]
[Result "1/2-1/2"]
[WhiteElo "2273"]
[BlackElo "2382"]

1.e4 c5 2.Nf3 Nc6 3.d4 cxd4 4.Nxd4 Nf6 5.Nc3 d6 6.Bg5 e6 7.Qd2 Qb6 8.Nb3 Be7
9.Bxf6 Bxf6 10.Qxd6 Be5 11.Qc5 Qxc5 12.Nxc5 Bd4 13.Nb3 Bb6 14.Bb5 Ke7 15.Na4 Bc7
16.Bxc6 bxc6 17.O-O-O Rd8 18.Nac5 Rxd1+ 19.Rxd1 e5 20.Rd3 h5 21.h3  1/2-1/2

[Event "Doeberl Cup Premier"]
[Site "Canberra AUS"]
[Date "2011.04.24"]
[Round "7.4"]
[White "Ly,Mo"]
[Black "Johansen,D"]
[Result "0-1"]
[WhiteElo "2381"]
[BlackElo "2419"]

1.e4 c5 2.Nc3 d6 3.Nf3 Nc6 4.d4 cxd4 5.Nxd4 Nf6 6.Bg5 e6 7.Qd2 a6 8.O-O-O h6
9.Bf4 Bd7 10.Nxc6 Bxc6 11.Qe1 Qc7 12.f3 Be7 13.g4 b5 14.Bd3 g5 15.Bg3 Nd7
16.Kb1 Ne5 17.Rf1 Bb7 18.Ne2 Qc5 19.h3 h5 20.f4 gxf4 21.Nxf4 hxg4 22.hxg4 Nxg4
23.e5 Qxe5 24.Qxe5 Nxe5 25.Nxe6 fxe6 26.Bxe5 Rf8 27.Bg7 Rxf1 28.Rxf1 Bd5
29.a4 bxa4 30.c4 Bc6 31.Bg6+ Kd8 32.Bc3 Kd7 33.Rf7 Rf8 34.Rg7 e5 35.Bh5 Be4+
36.Ka2 Ke6 37.Bd1 Bd3 38.Bxa4 Bxc4+ 39.Kb1 Rf5 40.Kc2 d5 41.Bd7+ Kxd7 42.Bb4 d4
43.Rxe7+ Kc6 44.b3 Bb5 45.Ba5 Kd6 46.Rg7 e4 47.Bb6 Rd5 48.Rg4 Ke5 49.Bc7+ Kf5
50.Rf4+ Kg5 51.Rxe4 Rc5+ 52.Kb2 Rxc7 53.Rxd4 Kf5 54.Rb4 Ke5 55.Rh4 Kd5 56.Rb4 Rg7
57.Rh4 Rg5 58.Rf4 Kc5 59.Rh4 Bc6 60.Rc4+ Kb5 61.Rc3 Bd5 62.Ka3 Rg2 63.Re3 Kc5
64.Rd3 Rh2 65.Rg3 Rh6 66.Rd3 Rh2 67.Rg3 Rd2 68.Rh3 Rc2 69.Rg3 Re2 70.Rh3 Kd4
71.Rg3 Re6 72.Kb2 Rh6 73.Ka3 Be4 74.Kb2 Bd3 75.Rf3 Rh2+ 76.Ka3 Be4 77.Rg3 Bd3
78.Rf3 Kc3 79.Rf8 Kc2 80.Rg8 Rh5 81.Rc8+ Kd2 82.Kb2 Rh3 83.Rd8 Ke3 84.Re8+ Kd4
85.Rc8 Bb5 86.Rc7 Bd3 87.Rc8 Be4 88.Rc4+ Ke5 89.Rc3 Rh2+ 90.Ka3 Kd5 91.Rc1 Kd6
92.Re1 Bd5 93.Re3 Kc5 94.Rd3 a5 95.Rc3+ Kd4 96.Rg3 Rd2 97.Rh3 Kc5 98.Rc3+ Kb5
99.Rh3 a4 100.bxa4+ Ka5 101.Rh2 Rd3+ 102.Kb2 Kxa4 103.Rh4+ Kb5 104.Kc2 Bc4
105.Rh8 Rg3 106.Rh5+ Kb4 107.Kd2 Rg2+ 108.Ke3 Kc3 109.Rh8 Re2+ 110.Kf3 Re5
111.Rc8 Kd4 112.Kf4 Re1 113.Kf3 Rf1+ 114.Kg2 Rf5 115.Kg3 Bd5 116.Re8 Rf7
117.Rd8 Ke5 118.Re8+ Be6 119.Rb8 Ke4 120.Re8 Rf6 121.Re7 Ke3 122.Rg7 Bf5
123.Kh4 Be4 124.Rg3+ Kd4 125.Rg8 Rf1 126.Rg7 Ke5 127.Rg5+ Bf5 128.Rg2 Rh1+
129.Kg5 Be4 130.Rf2 Rg1+ 131.Kh4 Rg8 132.Rf1 Bf5 133.Rf2 Kf6 134.Rb2 Rg4+
135.Kh5 Rg3 136.Rh2 Rg8 137.Kh4 Rg4+ 138.Kh5 Ra4 139.Rf2 Rb4 140.Rf1 Rb3
141.Rh1 Rb8  0-1

[Event "Joao Braga Open"]
[Site "Sao Paolo BRA"]
[Date "2011.04.24"]
[Round "9.5"]
[White "Matsuura,E"]
[Black "Shumyatsky,V"]
[Result "1/2-1/2"]
[WhiteElo "2488"]
[BlackElo "2382"]

1.e4 c5 2.Nf3 Nc6 3.d4 cxd4 4.Nxd4 Nf6 5.Nc3 d6 6.Bg5 e6 7.Qd2 a6 8.O-O-O h6
9.Be3 Be7 10.f3 Nxd4 11.Qxd4 b5 12.Qb6 Qxb6 13.Bxb6 Bb7 14.Ba5 d5 15.exd5  1/2-1/2

[Event "Technomont IM 2011"]
[Site "Frydek Mistek CZE"]
[Date "2011.04.25"]
[Round "9"]
[White "Sosovicka,J"]
[Black "Klecker,T"]
[Result "1/2-1/2"]
[WhiteElo "2149"]
[BlackElo "2213"]

1.e4 c5 2.Nf3 Nc6 3.d4 cxd4 4.Nxd4 Nf6 5.Nc3 d6 6.Bg5 e6 7.Qd2 a6 8.O-O-O h6
9.Be3 Bd7 10.f3 Be7 11.Kb1 b5 12.Nxc6 Bxc6 13.Ne2 Qc7 14.Nd4 Bb7 15.g4 Nd7
16.h4 d5 17.exd5 Bxd5 18.Be2 Bb7 19.g5 hxg5 20.hxg5 Rxh1 21.Rxh1 g6 22.Rh8+ Bf8
23.Bd3 O-O-O 24.Bxb5 e5 25.Bxd7+ Qxd7 26.Nb3 Qc6 27.Qh2 Qb5 28.Qf2 Be7 29.Rxd8+ Bxd8
30.f4 e4 31.Nd4 Qd5 32.Qd2 Bb6 33.c3 a5 34.Nc2 Qxd2 35.Bxd2 Kd7 36.Be3 Bd8
37.Kc1 f6 38.gxf6 Bxf6 39.Bd4 Bd8 40.b3 Ke6 41.Be5 Bb6 42.Kd2 g5 43.Bd4 Bd8
44.fxg5 Bxg5+ 45.Be3 Bd8 46.c4 Ke5 47.Kc3 Bc8 48.Nd4 Bd7 49.a3 Bh4 50.Nc2 Kd6
51.b4 Ba4 52.Bf4+ Kd7 53.b5 Be7 54.Bd2 Bf6+ 55.Nd4 Kd6 56.Be3 Kc5 57.Bf2 Bg7
58.Be3 Bf6 59.Bf2  1/2-1/2

[Event "Sydney International Open"]
[Site "Sydney AUS"]
[Date "2011.04.29"]
[Round "6"]
[White "Wallis,C"]
[Black "Solomon,SJ"]
[Result "1-0"]
[WhiteElo "2305"]
[BlackElo "2398"]

1.e4 c5 2.Nf3 Nc6 3.d4 cxd4 4.Nxd4 Nf6 5.Nc3 d6 6.Bg5 Bd7 7.Qd2 Rc8 8.f4 Nxd4
9.Qxd4 Qa5 10.e5 Rxc3 11.bxc3 Nd5 12.Bc4 Qxc3+ 13.Qxc3 Nxc3 14.Bd3 e6 15.O-O d5
16.Bh4 Bc5+ 17.Kh1 b5 18.Be1 d4 19.Bxc3 dxc3 20.Rfb1 Ba3 21.Bxb5 Bb2 22.Bxd7+ Kxd7
23.Rd1+ Kc7 24.Rab1 a5 25.Rd4 Rd8 26.Rc4+ Kd7 27.Rd1+ Ke8 28.Rxd8+ Kxd8 29.g3 f5
30.Rc6 Kd7 31.Rd6+ Ke7 32.Ra6 h6 33.Ra7+ Kf8 34.Rxa5 g5 35.Kg2 Bc1 36.Kf3 g4+
37.Ke2 h5 38.Ra6 Ke7 39.Ra7+ Kd8 40.Rh7 Ba3 41.Kd3 Bc5 42.Rxh5 Kd7 43.Kxc3 Bg1
44.Kc4 Kc7 45.Kb5  1-0

[Event "Sydney International Open"]
[Site "Sydney AUS"]
[Date "2011.04.29"]
[Round "6"]
[White "Ikeda,J"]
[Black "Arutinian,D"]
[Result "0-1"]
[WhiteElo "2296"]
[BlackElo "2575"]

1.e4 c5 2.Nf3 d6 3.d4 cxd4 4.Nxd4 Nf6 5.Nc3 Nc6 6.Bg5 e6 7.Qd2 Qb6 8.Nb3 Be7
9.Be2 O-O 10.O-O Rd8 11.Rad1 a6 12.Kh1 Qc7 13.a4 b6 14.Qe3 Bb7 15.Qg3 Nb4
16.Bd3 Nh5 17.Qh4 Bxg5 18.Qxg5 g6 19.f4 d5 20.e5 d4 21.Ne4 Nxd3 22.Nf6+ Nxf6
23.exf6 Qxc2 24.Rd2 Nf2+ 25.Kg1 Qf5 26.Qxf5 exf5 27.Kxf2 Rd6 28.Rxd4 Rxf6
29.a5 Rc8 30.Rfd1 Be4 31.R1d2 Kg7 32.Rb4 bxa5 33.Nxa5 Rc1 34.Nc4 Rc6 35.Ne3 h6
36.h3 Re6 37.Ra4 g5 38.fxg5 hxg5 39.Ra5 f4 40.Nd1 Kg6 41.Nc3 Bb7 42.Ne2 Rb1
43.h4 f6 44.Rc2 Re5 45.Rxe5 fxe5 46.Rc5 g4 47.Rxe5 g3+ 48.Nxg3 fxg3+ 49.Kxg3 Rxb2
50.Rg5+ Kh6 51.Kf4 Bxg2 52.Re5 Bf1 53.Rc5 Rb4+ 54.Kg3 Bb5 55.Rc2 Rd4 56.Ra2 Kh5
57.Kf3 Kxh4 58.Ke3 Rd3+ 59.Kf4 Kh3 60.Ra1 Kg2 61.Ra2+ Kf1 62.Ke4 Ke1 63.Rb2 Rd2
64.Rb1+ Rd1 65.Rb2 Rd7 66.Ke3 Kd1 67.Rb3 Kc2 68.Rb4 Kc3  0-1

[Event "43rd TCh-ITA 2011"]
[Site "Spoleto ITA"]
[Date "2011.04.30"]
[Round "6"]
[White "Codenotti,M"]
[Black "Aranovitch,E"]
[Result "1/2-1/2"]
[WhiteElo "2262"]
[BlackElo "2333"]

1.e4 c5 2.Nf3 d6 3.d4 cxd4 4.Nxd4 Nf6 5.Nc3 Nc6 6.Bg5 e6 7.Qd2 Be7 8.O-O-O Nxd4
9.Qxd4 O-O 10.f4 Qa5 11.Bc4 Rd8 12.Rd3 h6 13.h4 Qc5 14.Bxf6 Bxf6 15.Qxc5 dxc5
16.e5 Be7 17.Rxd8+ Bxd8 18.g3 Kf8 19.Rd1 Be7 20.Be2 Rb8 21.Nb5 a6 22.Nd6 Bxd6
23.Rxd6 Ke7 24.Bf3 b6 25.a4 Bd7 26.a5 bxa5 27.Bc6 Bc8 28.Ba4 f6 29.Rc6 fxe5
30.fxe5 Rb4 31.b3 Bd7 32.Rc7 Rd4 33.c3 Rd5 34.Bc6 Kd8 35.Bxd5 Kxc7 36.Bc4  1/2-1/2

[Event "Sydney International Open"]
[Site "Sydney AUS"]
[Date "2011.04.30"]
[Round "7"]
[White "Illingworth,M"]
[Black "Zhao Zong Yuan"]
[Result "0-1"]
[WhiteElo "2345"]
[BlackElo "2579"]

1.e4 c5 2.Nf3 d6 3.d4 cxd4 4.Nxd4 Nf6 5.Nc3 Nc6 6.Bg5 e6 7.Qd2 a6 8.O-O-O Bd7
9.f3 Be7 10.h4 h6 11.Be3 h5 12.Bg5 Ne5 13.Kb1 b5 14.Bd3 Qc7 15.Rhe1 Rb8 16.Qf2 b4
17.Nce2 a5 18.Qg3 b3 19.cxb3 a4 20.Bc2 O-O 21.f4 axb3 22.axb3 Neg4 23.e5 dxe5
24.fxe5 Nd5 25.Bxe7 Nxe7 26.Nf4 g6 27.Bd3 Ra8 28.Bc4 Qa7 29.Nc2 Bc6 30.Na3 Nf5
31.Qc3 Nf2 32.Rc1 Rfd8 33.Ka2 Ne4 34.Rxe4 Bxe4 35.g4 hxg4 36.h5 g5 37.Nxe6 fxe6
38.Bxe6+ Kh8 39.Bxf5 Bxf5 40.e6+ Qg7 41.e7 Re8  0-1

[Event "Ostravsky Konik A"]
[Site "Ostrava CZE"]
[Date "2011.05.02"]
[Round "3.28"]
[White "Kana,P"]
[Black "Lys,J"]
[Result "0-1"]
[WhiteElo "2062"]
[BlackElo "2174"]

1.e4 c5 2.Nf3 Nc6 3.d4 cxd4 4.Nxd4 Nf6 5.Nc3 d6 6.Bg5 e6 7.Qd2 Be7 8.O-O-O a6
9.f4 Qc7 10.Be2 Bd7 11.Rhe1 O-O 12.Kb1 Rfd8 13.g4 b5 14.Nxc6 Bxc6 15.Bxf6 Bxf6
16.g5 Be7 17.Bf3 Qb7 18.Qg2 b4 19.Ne2 Qb6 20.Nd4 Bb7 21.f5 e5 22.Ne2 f6 23.h4 Rd7
24.Nc1 Rad8 25.Rd3 a5 26.Rd2 Bc6 27.Be2 d5 28.exd5 Bxd5 29.Rxd5 Rxd5 30.Bc4 Qc6
31.b3 Kf8 32.g6 h6 33.Bxd5 Qxd5 34.Qe4 Bc5 35.Nd3 Bb6 36.Qxd5 Rxd5 37.Re4 h5
38.Kc1 Ke7 39.Kd2 Kd6 40.Ke2 Bd4 41.Ne1 Rc5 42.Kd2 Kd5 43.Re2 e4 44.Kd1 Rc3
45.Ng2 Rf3 46.Rd2 Ke5  0-1

[Event "Ostravsky Konik A"]
[Site "Ostrava CZE"]
[Date "2011.05.02"]
[Round "3.45"]
[White "Gluszko,M"]
[Black "Kubik,M"]
[Result "1-0"]
[WhiteElo "1990"]
[BlackElo "1915"]

1.e4 c5 2.Nf3 Nc6 3.d4 cxd4 4.Nxd4 Nf6 5.Nc3 d6 6.Bg5 e6 7.Bb5 Bd7 8.Bxc6 Bxc6
9.Nxc6 bxc6 10.e5 Qa5 11.Bxf6 gxf6 12.exf6 Qe5+ 13.Qe2 Qxf6 14.O-O Be7 15.Qa6 O-O
16.Qxc6 Rac8 17.Qa4 d5 18.Qxa7 Bc5 19.Qa4 Bd4 20.Ne2 Bxb2 21.Rab1 Be5 22.Rb4 Qf5
23.Rc1 Bxh2+ 24.Kxh2 Qh5+ 25.Rh4 Qxe2 26.Qf4 f6 27.Qg3+ Kh8 28.Rb1 Rf7 29.Rb6 Qxc2
30.Rxe6 Qxa2 31.Qf3 Qb2 32.Rf4 d4 33.Rfxf6 Rxf6 34.Qxf6+ Kg8 35.Re7 Qb8+
36.g3  1-0

[Event "ch-UKR semi-final"]
[Site "Alushta UKR"]
[Date "2011.05.03"]
[Round "1.16"]
[White "Sharapov,E"]
[Black "Tarleva,V"]
[Result "1-0"]
[WhiteElo "2497"]
[BlackElo "2174"]

1.e4 c5 2.Nf3 d6 3.d4 cxd4 4.Nxd4 Nf6 5.Nc3 Nc6 6.Bg5 e6 7.Qd2 Be7 8.O-O-O a6
9.f4 O-O 10.Kb1 Nxd4 11.Qxd4 Qa5 12.Be2 h6 13.h4 e5 14.Qg1 exf4 15.Bxf4 Be6
16.Bxd6 Bxd6 17.Rxd6 Rac8 18.Qb6 Qxb6 19.Rxb6 Rxc3 20.bxc3 Nxe4 21.Kb2 Nc5
22.Ka3 Rc8 23.Bf3 Nd7 24.Rxb7 Rxc3+ 25.Kb2 Rc5 26.Rd1 Ne5 27.Be2 Ra5 28.a3 Ra4
29.Rb4 Ra5 30.Rd6 Bf5 31.Bxa6 Rc5 32.Bd3 Nxd3+ 33.cxd3 Re5 34.g4 Be6 35.Rd8+ Kh7
36.a4 Re2+ 37.Kc3 Ra2 38.Ra8 Bd5 39.Ra5 Be6 40.Ra7 Ra3+ 41.Kd2 Kg6 42.a5 Kf6
43.a6 Ke5 44.Ra8 Bd5 45.Ra7 Be6 46.Ke3 Ra1 47.Rb5+ Kd6 48.Rb6+ Kc5 49.Rbb7 g6
50.Rc7+ Kd6 51.Rxf7 Bxg4 52.Rf6+ Ke5 53.Rxg6 h5 54.Re7+ Kf5 55.Rge6 Re1+
56.Kf2 Ra1 57.a7 Kf4 58.Rf7+ Bf5 59.Re4+  1-0

[Event "Ostravsky Konik A"]
[Site "Ostrava CZE"]
[Date "2011.05.03"]
[Round "4.45"]
[White "Macek,K"]
[Black "Kubik,M"]
[Result "1/2-1/2"]
[WhiteElo "1974"]
[BlackElo "1915"]

1.e4 c5 2.Nf3 Nc6 3.d4 cxd4 4.Nxd4 Nf6 5.Nc3 d6 6.Bg5 e6 7.Qd2 a6 8.O-O-O Bd7
9.f4 h6 10.Bxf6 Qxf6 11.Nf3 Qd8 12.g4 Be7 13.Kb1 Qa5 14.Bc4 O-O-O 15.Qe3 Qc5
16.Qxc5 dxc5 17.e5 Nb4 18.Rhe1 Bc6 19.Be2 Nd5 20.Nxd5 Bxd5 21.c4 Bc6 22.Kc1 Kc7
23.Rxd8 Rxd8 24.Rd1 Rxd1+ 25.Kxd1 b5 26.Nd2 f6 27.Bf3 fxe5 28.fxe5 Bg5 29.b3 Bxd2
30.Bxc6 bxc4 31.Ba4 Bf4 32.h4 c3 33.Be8 g5 34.hxg5 hxg5 35.Bg6 Bxe5 36.Kc2 Kd6
37.Bd3 Bf4 38.Bg6 Ke5 39.Kd3 Bd2 40.Bf7 Kf6 41.Bg8 Ke5 42.Bf7 Kd6 43.Bg6 Kc6
44.Kc4 Kd6 45.Kd3 Kd5 46.Bf7 Ke5 47.Kc2 Kf6  1/2-1/2

[Event "Ostravsky Konik A"]
[Site "Ostrava CZE"]
[Date "2011.05.03"]
[Round "4.19"]
[White "Rabatin,J"]
[Black "Furman,Bo"]
[Result "0-1"]
[WhiteElo "2119"]
[BlackElo "2264"]

1.e4 c5 2.Nf3 Nc6 3.d4 cxd4 4.Nxd4 Nf6 5.Nc3 d6 6.Bg5 e6 7.Qd2 Be7 8.O-O-O O-O
9.f3 Nxd4 10.Qxd4 a6 11.h4 Qa5 12.Kb1 b5 13.Qd2 b4 14.Ne2 e5 15.c4 Be6 16.Ng3 Rac8
17.Nf5 Bxf5 18.exf5 Rfd8 19.Qc2 d5 20.Qb3 d4 21.Bd3 Qc5 22.g4 Nd7 23.Rc1 a5
24.Qd1 Qd6 25.Qe2 a4 26.Bd2 b3 27.a3 f6 28.Bb4 Nc5 29.Bxc5 Rxc5 30.Qe4 Qc7
31.Rhd1 Rb8 32.Qe2 Ra5 33.Rd2 Bc5 34.Be4 Qe7 35.Qe1 Ra6 36.Rd3 Bxa3 37.bxa3 Qxa3
38.Qd2 Qc5 39.Qd1 a3 40.Rxb3 Rxb3+ 41.Qxb3 Rb6 42.Ka2 Rxb3 43.Kxb3 Qa5 44.c5 Qd2
45.Rc2 Qe3+ 46.Ka2 d3  0-1

[Event "Ostravsky Konik A"]
[Site "Ostrava CZE"]
[Date "2011.05.04"]
[Round "5.15"]
[White "Firt,S"]
[Black "Lys,J"]
[Result "1/2-1/2"]
[WhiteElo "2330"]
[BlackElo "2174"]

1.e4 c5 2.Nf3 Nc6 3.d4 cxd4 4.Nxd4 Nf6 5.Nc3 d6 6.Bg5 e6 7.Qd2 Be7 8.O-O-O a6
9.f4 Qc7 10.Kb1 Bd7 11.Nf3 Rd8 12.Qe1 O-O 13.Bd3 Ne8 14.e5 dxe5 15.Qh4 f5
16.Bxe7 Nxe7 17.Qxe7 e4 18.Ne5 exd3 19.Rxd3 Nf6 20.Rhd1 Rde8 21.Qd6 Qxd6
22.Rxd6 Bc8 23.a4 Ng4 24.h4  1/2-1/2

[Event "ch-UKR semi-final"]
[Site "Alushta UKR"]
[Date "2011.05.05"]
[Round "3.20"]
[White "Podolsky,A"]
[Black "Shishkin,Va UKR"]
[Result "0-1"]
[WhiteElo "2244"]
[BlackElo "2474"]

1.e4 c5 2.Nf3 Nc6 3.d4 cxd4 4.Nxd4 Nf6 5.Nc3 d6 6.Bg5 Qb6 7.Nb3 e6 8.Qd2 Be7
9.O-O-O O-O 10.f4 Rd8 11.Bd3 a5 12.a4 Nb4 13.f5 Nxd3+ 14.Qxd3 Bd7 15.g4 Rac8
16.Rhg1 Qc7 17.Bf4 Bc6 18.g5 Nh5 19.Bd2 d5 20.Qh3 g6 21.fxe6 d4 22.Qf3 fxe6
23.Ne2 e5 24.Bxa5 b6 25.Nbxd4 Bxa4 26.Bc3 exd4 27.Nxd4 Qf4+  0-1

[Event "Ostravsky Konik A"]
[Site "Ostrava CZE"]
[Date "2011.05.05"]
[Round "6.10"]
[White "Janczarski,M"]
[Black "Furman,Bo"]
[Result "1/2-1/2"]
[WhiteElo "2296"]
[BlackElo "2264"]

1.e4 c5 2.Nf3 Nc6 3.d4 cxd4 4.Nxd4 Nf6 5.Nc3 d6 6.Bg5 e6 7.Qd2 Be7 8.O-O-O O-O
9.f4 h6 10.h4 e5 11.Nxc6 bxc6 12.Bxf6 Bxf6 13.Qxd6 Qb6 14.fxe5 Rd8 15.Nd5 Rxd6
16.Nxb6 Rxd1+ 17.Kxd1 axb6 18.exf6 Rxa2 19.Kd2 Ra1 20.g3 gxf6 21.Bg2 Ra2
22.Rb1 Kf8 23.Bf1 Ke7 24.Bd3 Be6 25.Ke3 Kd6 26.Kd4 Ra8 27.Bf1 c5+ 28.Ke3 Ke5
29.b3 Ra2 30.Rc1 Ra3 31.Rb1 Ra2  1/2-1/2

[Event "ch-UKR semi-final"]
[Site "Alushta UKR"]
[Date "2011.05.06"]
[Round "4.31"]
[White "Podolsky,A"]
[Black "Sharapov,E"]
[Result "0-1"]
[WhiteElo "2244"]
[BlackElo "2497"]

1.e4 c5 2.Nf3 d6 3.d4 cxd4 4.Nxd4 Nf6 5.Nc3 Nc6 6.Bg5 Qb6 7.Nb3 e6 8.Qd2 Be7
9.O-O-O O-O 10.f3 Rd8 11.Kb1 a6 12.h4 Qc7 13.Bd3 b5 14.Ne2 Ne5 15.Qa5 Qa7
16.Ned4 Bb7 17.Be3 Qb8 18.Qe1 d5 19.exd5 Nxd3 20.Rxd3 Bxd5 21.Bg5 Qb7 22.h5 h6
23.Bc1 a5 24.Qg3 Kh7 25.Ne2 a4 26.Nd2 b4 27.Nf4 b3 28.axb3 axb3 29.c4 Ra1+  0-1

[Event "29th Metz Open A"]
[Site "Longeville-les-Metz FRA"]
[Date "2011.05.06"]
[Round "7.1"]
[White "Solodovnichenko,Y"]
[Black "Gupta,Ab"]
[Result "1-0"]
[WhiteElo "2574"]
[BlackElo "2604"]

1.e4 c5 2.Nf3 d6 3.d4 cxd4 4.Nxd4 Nf6 5.Nc3 Nc6 6.Bg5 e6 7.Qd2 a6 8.O-O-O Bd7
9.f3 Be7 10.Be3 O-O 11.g4 Nxd4 12.Bxd4 Bc6 13.g5 Nd7 14.h4 b5 15.a3 Qb8 16.g6 fxg6
17.Bh3 e5 18.Bxd7 Bxd7 19.Bxe5 dxe5 20.Qxd7 Qe8 21.Qd5+ Kh8 22.Rd3 Rf4 23.Qxe5 Rxh4
24.Rhd1 h6 25.Kb1 Bf6 26.Qg3 g5 27.Nd5 Be5 28.Qg1 Qf7 29.Qc5 Re8 30.Ne3 Qc7
31.Qb4 Rh2 32.Qb3 Kh7 33.Rd7 Qc6 34.Ng4 Rg2 35.R1d5 h5 36.Nxe5 Rxe5 37.R7d6 Qc7
38.Qd3 Re8 39.e5+ Kh8 40.Rd8  1-0

[Event "7th Mukachevo Rating"]
[Site "Mukachevo UKR"]
[Date "2011.05.06"]
[Round "2"]
[White "Kristofori,A"]
[Black "Yarmysty,M"]
[Result "0-1"]
[WhiteElo "2089"]
[BlackElo "2312"]

1.e4 c5 2.Nf3 d6 3.d4 cxd4 4.Nxd4 Nf6 5.Nc3 Nc6 6.Bg5 e6 7.Qd2 a6 8.O-O-O Bd7
9.f3 Rc8 10.Kb1 b5 11.Nxc6 Bxc6 12.h4 Be7 13.Be3 d5 14.Qf2 Qc7 15.Bb6 Qb8
16.exd5 Nxd5 17.Nxd5 Bxd5 18.Bd4 e5 19.Be3 Be6 20.g4 O-O 21.Bd3 b4 22.g5 a5
23.f4 exf4 24.Bxf4 Qb7 25.Qe2 Rcd8 26.g6 hxg6 27.h5 Rxd3 28.cxd3 Qd5 29.b3 g5
30.Be5 f6 31.Bb2 Kf7 32.h6 g6 33.Rhf1 Rh8 34.Qh2 Bf5 35.Ka1 a4 36.Rxf5 Qxf5
37.bxa4 g4 38.Re1 g3 39.Qe2 Qd7 40.Qe3 g5 41.Qxg3 Rxh6 42.Rf1 Qd5 43.Qe1 Qxd3
44.Rf2 Qd5 45.Rf1 Rh2 46.Qb1 g4 47.Rd1 Qf3 48.a5 f5 49.Bd4 Kg6 50.a6 Rxa2+  0-1

[Event "NK Jeugd A"]
[Site "Haarlem NED"]
[Date "2011.05.07"]
[Round "8"]
[White "Le Clercq,Maxim"]
[Black "Brookes,C"]
[Result "0-1"]
[WhiteElo "1846"]
[BlackElo "2048"]

1.e4 c5 2.Nf3 d6 3.d4 cxd4 4.Nxd4 Nf6 5.Nc3 Nc6 6.Bg5 e6 7.Qd2 a6 8.O-O-O h6
9.Bh4 Be7 10.Nb3 b5 11.f3 Bd7 12.g4 Ne5 13.Bg2 Nc4 14.Qd4 Qc7 15.Rhe1 Rc8
16.Bf1 Ne5 17.Be2 Nc6 18.Qd2 b4 19.Bxf6 Bxf6 20.Nb1 Na5 21.f4 Ba4 22.Qd3 Bb5
23.Qd2 Bxe2 24.Qxe2 Nc4 25.Nd4 Qc5 26.b3 Nb6 27.Nf3 a5 28.e5 dxe5 29.fxe5 Be7
30.h4 a4 31.Rd2 a3 32.Qe4 Nd5 33.Qd4 Qxd4 34.Rxd4 Bc5 35.Rde4 Ke7 36.Nfd2 Bf2
37.Rh1 Rhd8 38.Nc4 Rxc4 39.bxc4 Be3+ 40.Nd2 Bxd2+ 41.Kxd2 Nc3+ 42.Ke3 Nxe4
43.Kxe4 Rd2 44.Rc1 Kd7 45.h5 Kc6 46.Ke3 Rg2 47.Kf3 Rh2 48.Kg3 Rd2 49.c3 bxc3
50.Rxc3 Rxa2 51.Rf3 Kc5 52.Rxf7 Rc2 53.Rxg7 a2 54.Ra7 Kb4 55.g5 Rc3+ 56.Kg2 Ra3
57.Rb7+ Kc3 58.g6 a1=Q  0-1

[Event "7th WSCC U17 Open"]
[Site "Krakow POL"]
[Date "2011.05.07"]
[Round "8.4"]
[White "Jayasundara,P"]
[Black "Lewtak,Da"]
[Result "0-1"]
[WhiteElo "1951"]
[BlackElo "2113"]

1.e4 c5 2.Nf3 Nc6 3.d4 cxd4 4.Nxd4 Nf6 5.Nc3 d6 6.Bg5 e6 7.f4 a6 8.Nxc6 bxc6
9.Qf3 h6 10.Bh4 Qc7 11.O-O-O Bb7 12.Bd3 Be7 13.e5 dxe5 14.fxe5 Qxe5 15.g4 Nd5
16.Nxd5 cxd5 17.Rhf1 Bg5+ 18.Bxg5 Qxg5+ 19.Kb1 Qe7 20.Qf4 O-O 21.Rde1 a5
22.h4 Ba6 23.g5 Bxd3 24.cxd3 Qb4 25.Qf3 Qxh4 26.gxh6 g6 27.Rh1 Qd4 28.h7+ Kh8
29.Qg3 Rab8 30.Re2 Rb4 31.Rf2 Rfb8 32.Rhh2 Qg7 33.Qc7 Qd4 34.Qxf7 Qxd3+ 35.Kc1 Rc8+
36.Rc2 Qe3+ 37.Rd2 Qe1+ 38.Rd1 Rxc2+ 39.Kxc2 Rc4+  0-1

[Event "Ostravsky Konik A"]
[Site "Ostrava CZE"]
[Date "2011.05.08"]
[Round "9"]
[White "Kana,P"]
[Black "Rabatin,J"]
[Result "1/2-1/2"]
[WhiteElo "2062"]
[BlackElo "2119"]

1.e4 c5 2.Nf3 Nc6 3.d4 cxd4 4.Nxd4 Nf6 5.Nc3 d6 6.Bg5 e6 7.Qd3 a6 8.f4 Bd7
9.O-O-O h6 10.Bh4 g5 11.fxg5 Ng4 12.Nf3 Be7 13.Kb1 hxg5 14.Bg3 Qa5 15.Be2 Nge5
16.Nxe5 Nxe5 17.Qd4 O-O-O 18.Rhf1 Rh7 19.a3 Kb8 20.Na2 f5 21.exf5 exf5 22.Nb4 Be6
23.Bf2 Qc5 24.Qd2 Qc7 25.Bxa6 Rxh2 26.Bg1 Rh4 27.b3 d5 28.Rfe1 Bxb4 29.axb4 bxa6
30.Qe2 Re4 31.Qxa6 Bc8 32.Qb5+ Qb7 33.Ba7+ Ka8 34.Bb6 Rd6 35.Qa5+ Qa6 36.Rxe4 Qxa5
37.bxa5 fxe4 38.Bc7 Re6 39.Rxd5 Nf7 40.Kc1 e3 41.Kd1 Re4 42.Ke1 Be6 43.Rd3 e2
44.Bb6 Bg4 45.c4 Ne5 46.a6 Rf4 47.Bf2  1/2-1/2